00312 2200133 4500001002100000005001500021035002000036245005100056300000800107260003100115082000800146084001200154990001200166INLIS00000000000206420250527094034 a0010-0525000356 aBunga Rampai Wacana Tarot /cAni Sekar Ningsih a121 aJakarta :bGrasindo,c2001 a813 a813 BUN a0712497